| 000 | 00457nam a22001337a 4500 | ||
|---|---|---|---|
| 005 | 20241112152741.0 | ||
| 008 | 241112b |||||||| |||| 00| 0 eng d | ||
| 020 | _a9781405747523 | ||
| 245 |
_aThe All England Law Reports 2010 Vol. 1 _c Editor, Widdicombe, Solicitor. Managing Editor; Ian Law LLB, LLM, Dip LP |
||
| 260 |
_aLondon, United Kingdom _bLexisNexis _c2010 |
||
| 300 |
_axx, 1242 pages _c23.5 cm |
||
| 650 |
_2Law Reports _xEngland |
||
| 942 |
_2lcc _cBK _n0 |
||
| 999 |
_c1081 _d1081 |
||